Southville International School and Colleges
Your cart is empty.
  • Cart
  • Lists
    Public lists Eva Luna New books Lux_list list_1
    Your lists Log in to create your own lists
  • Log in to your account
  • Your cookies
  • Search history
Southville International School and Colleges
  • Advanced search
  • Recent comments
  • Most popular
  • Libraries

Log in to your account

Log in with GOOGLE


If you do not have an external account, but do have a local account, you can still log in:

  1. Home
  2. MARC view: The Decision book :
Normal view MARC view ISBD view

The Decision book : (Record no. 363192)

[ view plain ]
MARC details
000 -LEADER
fixed length control field 00771nam a2200253Ia 4500
008 - FIXED-LENGTH DATA ELEMENTS--GENERAL INFORMATION
fixed length control field 200601s9999 xx 000 0 und d
020 ## - INTERNATIONAL STANDARD BOOK NUMBER
International Standard Book Number 978-178125-954-2
050 ## - LIBRARY OF CONGRESS CALL NUMBER
Classification number MAIN BF 448
050 ## - LIBRARY OF CONGRESS CALL NUMBER
Item number .K76 2017
100 ## - MAIN ENTRY--PERSONAL NAME
Personal name Krogerus, Mikael.
245 #4 - TITLE STATEMENT
Title The Decision book :
245 #0 - TITLE STATEMENT
Remainder of title fifty models for strategic thinking /
245 #0 - TITLE STATEMENT
Statement of responsibility, etc Mikael Krogerus, Roman Tschappeler; translated by Jenny Piening with illustrations by Philip Earnhart.
250 ## - EDITION STATEMENT
Edition statement New, Fully Revised Edition
260 ## - PUBLICATION, DISTRIBUTION, ETC. (IMPRINT)
Place of publication, distribution, etc Great Britain :
260 ## - PUBLICATION, DISTRIBUTION, ETC. (IMPRINT)
Name of publisher, distributor, etc Profile books,
260 ## - PUBLICATION, DISTRIBUTION, ETC. (IMPRINT)
Date of publication, distribution, etc 2017
300 ## - PHYSICAL DESCRIPTION
Extent 174 pages :
300 ## - PHYSICAL DESCRIPTION
Other physical details illustrations ;
300 ## - PHYSICAL DESCRIPTION
Dimensions 19 cm.
500 ## - GENERAL NOTE
General note Includes bibliographical references.
650 ## - SUBJECT ADDED ENTRY--TOPICAL TERM
Topical term or geographic name as entry element Decision making.
650 ## - SUBJECT ADDED ENTRY--TOPICAL TERM
General subdivision Critical thinking.
Holdings
Withdrawn status Lost status Damaged status Home library Current library Shelving location Date acquired Cost, normal purchase price Total Checkouts Full call number Barcode Date last seen Price effective from Koha item type
      South Mansfield College South Mansfield College   01/08/2020 559.20   MAIN BF 448 .K76 2017 SMC06284 06/01/2020 06/01/2020 Books

The Decision book :

APA

Krogerus M., .The Decision book. Great Britain: .

Chicago

Krogerus Mikael, .The Decision book. Great Britain: .

Harvard

Krogerus M., .The Decision book. Great Britain: .

MLA

Krogerus Mikael, .Great Britain: . .

  • Place hold
  • Print
  • Cite
  • Add to your cart (remove)
  • Save record
    BIBTEX Dublin Core MARCXML MARC (non-Unicode/MARC-8) MARC (Unicode/UTF-8) MARC (Unicode/UTF-8, Standard) MODS (XML) RIS
  • More searches
    Search for this title in:
    Other Libraries (WorldCat) Other Databases (Google Scholar) Online Stores (Bookfinder.com) Open Library (openlibrary.org)

Exporting to Dublin Core...

SOUTHVILLE LIBRARY

Southville International School and Colleges Library

1281 Tropical Ave. Cor. Luxembourg St., BF Homes International, Las Pinas City

Tel. No. 8256374 / 252358 Loc. 117/146

Powered by Koha